| 000 | 00000nam 2200000za 4500 |
| 001 | 9.629968 |
| 003 | CaOODSP |
| 005 | 20221107134257 |
| 007 | cr ||||||||||| |
| 008 | 150407s2015 onc|||||o f|0| 0 eng d |
| 020 | |a978-1-100-25812-6 |
| 040 | |aCaOODSP|beng |
| 043 | |an-cn--- |
| 086 | 1 |aA59-25/2015E-PDF |
| 110 | 1 |aCanada. |bAgriculture and Agri-Food Canada. |
| 245 | 10|aNational drought model|h[electronic resource]. |
| 260 | |a[Ottawa] :|bAgriculture and Agri-Food Canada,|cc2015. |
| 300 | |a[2] p. : |bfigure. |
| 500 | |aIssued also in French under title: Modèle de sécheresse national. |
| 692 | 0 |2gccst|aDrought |
| 775 | 08|tModèle de sécheresse national|w(CaOODSP)9.677561 |
| 856 | 40|qPDF|s338 KB|uhttps://publications.gc.ca/collections/collection_2015/aac-aafc/A59-25-2015-eng.pdf |
| 986 | |aAAFC No.: 12335E |